02058agaaa2200325 45000010005000000030009000050050017000140070009000310080040000400400023000800410013001031000051001161300014001672400022001812450156002032460015003592500022003742600072003963000034004685080196005025110081006985200610007795380016013895460013014056500056014187000056014747000063015307000069015937000070016629236IT-RoPAU20220918181233.0d cvaizq50131s9999||||xx ||| | || ||und|| aIT-RoPAUcIT-RoPAU aITALIANO aTavernier BertrandgCodice regista SPICS: 1653 aESCA (L') aAPPAT (L')gT2995 aESCA (L')cSceneggiatura: Tavernier-O'Hagan Colo Tavernier Bertrand -- Diretto da: Tavernier BertrandpESCA (L') (Rif. Codice opera principale : D9236) aAPPAT (L') aEdizione Standard a(FRANCIA)bN.d. / g"1995 (1° ed.: 1996 ; Ed. Lingua Orig.: 1995)" aVHSbsonoro, col.c117 minuti a"Fotografia: Choquart Alain; Musica: Haim Philippe; Sceneggiatura: Tavernier-O'Hagan Colo Tavernier Bertrand; Scenografia: Ghigo Emile; Soggetto: Tavernier-O'Hagan Colo -- Tavernier Bertrand" a"Gillain Marie; Sitruk Olivier; Putzulu Bruno; Courau Clotilde; Ravel Marie" aTRATTO DAL ROMANZO DI MORGAN SPORTES E' ISPIRATO AD UN FATTO DI CRONACA ACCADUTO IN FRANCIA NEL 1984. PROTAGONISTI TRE GIOVANI DI BUONA FAMIGLIA DUE RAGAZZI E UNA RAGAZZA CHE PER PROCURARSI RAPIDAMENTE DEL DENARO E REALIZZARE LE LORO ASPIRAZIONI DECIDONO DI RAPINARE ALCUNI RICCHI CONOSCENTI DELLA RAGAZZA. GLI IMPROVVISATI DELINQUENTI SCIVOLANO CON AGGHIACCIANTE NATURALEZZA DAL FURTO ALL'OMICIDIO TORTURANDO E ASSASSINANDO LE LORO VITTIME. RITRATTO DI UNA GIOVENTU' DORATA PRIVA DI VALORI E PUNTI DI RIFERIMENTO. LA SOCIETA' MODERNA LEGATA AI MASS MEDIA, ALLA RICCHEZZA E AL SUCCESSO GENERA TALI MOSTRI. aPAL, STEREO aITALIANO aDRAMMATICOeFILMS [VHS]xCodice MATERIA SPICS: 9960 aHaim Philippee(musica)gCodice Musica SPICS: 46602 aTavernier Bertrand e(regista)gCodice regista SPICS: 1653 aTavernier Bertrand e(soggetto)gCodice Soggetto 2° SPICS: 1653 aTavernier-O'Hagan Colo e(soggetto)gCodice Soggetto SPICS: 36680